000 00711nam a2200193 a 4500
001 000028732
005 20200930055114.0
008 110411s2008 dr r 000 0 spa d
020 _a9789945443134
040 _aDO-SdBNP
_bspa
_cBNPHU
082 _axxxx
_bxxxx
100 1 _aGuiliani Cury, Hugo
_96465
245 1 0 _aPensamiento y acción de Hugo Guiliani Cury /
_cHugo Guiliani Cury.
260 _aSanto Domingo :
_bBanco Central,
_c2008.
300 _a264 P. ;
_c23 cm.
490 1 _aBanco Central de la República Dominicana
_v95
_aCiencias sociales
_n10
500 _aIncluye datos biográficos del autor en la solapa
830 0 _aBanco Central de la República Dominicana ;
_v95
_pCiencias sociales
_n10
_955727
999 _c28224
_d28224